Core servlets and JavaServer Pages / (Registro nro. 2592)

Detalles MARC
000 -CABECERA
Campo de control 00823cam a22002534a 4500
005 - FECHA Y HORA DE LA ULTIMA TRANSACCION
Campo de control 20160429110441.0
008 - ELEMENTOS DE LONGITUD FIJA—INFORMACION GENERAL
Campo de control 000427s2000 njua 001 0 eng
020 ## - ISBN
ISBN 0130893404
040 ## - FUENTE DE CATALOGACIÓN
Agencia catalogadora original DLC
Agencia transcriptora DLC
Agencia Modificadora DLC
-- CO-BoIAVH
041 0# - IDIOMA
Código de idioma para texto/pista de sonido o título separado Español
044 ## - PAÍS DE PUBLICACIÓN
País de publicación Estados Unidos
082 00 - NUMERO DE CLASIFICACION DECIMAL DEWEY
Número de clasificación 005.2762
Número del ítem H17c
100 1# - ASIENTO PRINCIPAL--NOMBRE PERSONAL
Nombre personal Hall, Marty,
Fechas asociadas con el nombre 1962-
Término relacionado autor
9 (RLIN) 66851
245 10 - MENCION DE TITULO
Título Core servlets and JavaServer Pages /
Mención de responsabilidad Marty Hall.
260 ## - PUBLICACION, DISTRIBUCION, ETC. (PIE DE IMPRENTA)
Lugar de publicación, distribución, etc. Upper Saddle River, NJ :
Nombre del editor, distribuidor, etc. Prentice Hall PTR,
Fecha de publicación, distribución, etc. c2000.
300 ## - DESCRIPCION FISICA
Extensión xxvii, 575 páginas :
Otros detalles físicos ilustraciones ;
Dimensiones 24 x 18 centímetros
490 0# - MENCION DE SERIE
Mención de serie Java 2 platform, enterprise edition series
500 ## - NOTA GENERAL
Nota general Incluye índice.
630 00 - ASIENTO SECUNDARIO DE MATERIA - TITULO UNIFORME
Uniform title JavaServer pages.
9 (RLIN) 66852
650 24 - ASIENTO SECUNDARIO DE MATERIA - TERMINO TEMATICO
Término temático o nombre geográfico como elemento de entrada Java (Lenguaje de programación)
9 (RLIN) 65167
650 24 - ASIENTO SECUNDARIO DE MATERIA - TERMINO TEMATICO
Término temático o nombre geográfico como elemento de entrada Servidores web
9 (RLIN) 66853
650 20 - ASIENTO SECUNDARIO DE MATERIA - TERMINO TEMATICO
Término temático o nombre geográfico como elemento de entrada Servlets.
9 (RLIN) 65168
942 ## - ELEMENTOS ADICIONALES (KOHA)
Sistema de clasificación Dewey Decimal Classification
Tipo de ítem Libro
Existencias
Withdrawn status Lost status Sistema de Clasificación Damaged status No para préstamo Colección Ubicación Permanente Ubicación actual Fecha de adquisición Fuente de Valor Total Checkouts Número topográfico Inventario / Código de Barras Date last seen Ejemplar Price effective from Forma de adquisición Tipo de material
    Dewey Decimal Classification     TIC Villa de Leyva Villa de Leyva 18/04/2002 Varón, Andrés   LB-005.2762 H17c 014078 04/12/2012 Ej. 1 04/12/2012 Donación Libro